00930nam a2200277 i 4500001001000000003000900010005001700019007000300036008004100039040003000080041000800110082003000118100004100148245005100189250002200240264008600262300004400348336002700392337003300419338002800452490002200480586003600502650003000538650003300568710005100601000010161DO-SdBNP20250717074015.0ta091005s1990 dr a r 001 p spa d aDO-SdBNPbspacBNPHUerda aspa 4aRD861.44bC355e, 19902221 aCastro, Tomás,d1959-eautor4aut.10aEntre la espada y el espejo /cTomás Castro. aSegunda edición 4aSanto Domingo :bBiblioteca Nacional Pedro Henríquez Ureña (BNPHU), c©1990. a91 páginas :bilustraciones ,c21 cm. atextobtxt2rdacontent asin mediaciónbn2rdamedia avolumenbnc2rdacarrier0 aColección Orfeo aPremio Biblioteca Nacional 1986 7aPoesía dominicana2LEMB 7aLiteratura dominicana.2LEMB2 aBiblioteca Nacional Pedro Henríquez Ureña